000 01645nam a2200469 i 4500
001 5724
003 KOSZ 005
005 20240410062858.0
008 970513s1992 pl f |001 0 pol
015 _aPB 1992/9136
020 _a8370062016
035 _a991001492379705066
035 _a(PL-WaBN)b10427934-48omnis_nlop
035 _ab10427934
035 _a(OCoLC)830059279
035 _a(PL)b0000001042793
035 _a(EXLNZ-48OMNIS_NETWORK)9910174073805606
040 _aWA N
_cWA N
_dKOSZ 005/EC
041 1 _apol
_heng
046 _k1992
080 _a658.114
100 1 _aHingston, Peter
_eAutor
245 1 0 _aWielka księga małego biznesu /
_cPeter Hingston ; [przeł. z ang. Tomasz Wyrozumski].
246 1 _iTyt. oryg.:
_aGreatest little business book,
_f1991
260 _aKraków :
_b"Signum" : Instytut Przemysłowo-Handlowy im. M. Dzielskiego. Fundacja Krakowskiego Towarzystwa Przemysłowego,
_c1992
_e(Krak. :
_f"Znak").
300 _a189, [1] s. ;
_c21 cm.
380 _aKsiążki
388 _a1901-2000
388 _a1989-2000
490 1 _aWprowadzenie do Biznesu
500 _aTyt. oryg.: The greatest little business book.
504 _aIndeks.
650 4 _aPrzedsiębiorstwo prywatne
655 4 _aPoradniki
658 _aZarządzanie i marketing
710 2 _aSpołeczny Instytut Wydawniczy Znak
_4pbl.
700 1 _aWyrozumski, Tomasz
_eTłumaczenie
830 0 _aWprowadzenie do Biznesu
856 _uhttp://koha.tu.koszalin.pl/cgi-bin/koha/opac-detail.pl?biblionumber=5724
_yKatalog online BPK
942 _2UKD
_cKS
999 _c5724
_d5724